000 00535nam a2200181Ia 4500
003 OSt
005 20230519050927.0
008 210423s1992 xx 000 0 und d
040 _cAL
041 _aeng
082 _a362.76
_223
_bKEWC
100 _aKEWALRAMANI (G S).
_9109178
245 _aChild abuse: sociological study of working and non working children.
260 _aJaipur
_bRawat Publications
_c1992
365 _b200
_cINR
906 _aabuse: ; Child ; children ; non ; sociological ; study ; working
942 _2ddc
_cBK
999 _c172474
_d172474